| 000 | 00926nam a2200217 i 4500 | ||
|---|---|---|---|
| 001 | 79118 | ||
| 003 | ES-MaACL | ||
| 005 | 20250809062551.0 | ||
| 007 | t| | ||
| 008 | 041019s1969 sp |||| | spa d | ||
| 100 | 1 |
_aHernández Corchero, Dimas. _962911 |
|
| 245 | 1 | 3 |
_aLa evolución del derecho hacia formas sociales y los derechos humanos fundamentales _b: discurso / _cleído el 5 de diciembre de 1968, en la solemne sesión de ingreso del académico... D. Dimas Hernández Corchero y contestación... D. Raimundo Vidal Pazos. |
| 260 |
_aLa Coruña : _bAcademia Gallega de Jurisprudencia y Legislación, _c1969. |
||
| 300 |
_a73 p. ; _c27 cm. |
||
| 650 | 4 |
_aDerecho- _xFilosofía _911620 |
|
| 650 | 0 | 7 |
_aDerechos humanos _2embne _911770 |
| 700 | 1 |
_aVidal Pazos, Raimundo. _9114508 |
|
| 710 | 2 |
_aAcademia Gallega de Jurisprudencia y Legislación. _91197 |
|
| 852 |
_aES-MaACL _jC-36407 |
||
| 999 |
_c79118 _d79118 |
||